000 00810nam a2200253 a 4500
001 BRCA_5611
005 20190320205142.0
008 210211s1943----mx-ao#####---#000-0#spa-#
041 _aspa
044 _amx
050 4 _aBT660.G8
_b.T47 1943
245 1 0 _aTesoro artístico de la Basílica de Guadalupe
_cBasílica de Santa María de Guadalupe.
260 _aMéxico
_bAbastecedora de Impresos
_c1943
300 _a85 p.
_bil.
_c34 cm.
500 _aIncluye índice temático
500 _aIncluye una nota que dice: ´con censura Eclesiástica´
500 _aF89
650 1 4 _aArquitectura religiosa
_zMéxico
_924
650 1 4 _aIglesias
_914300
651 4 _aMéxico
_xHistoria
_9614
710 2 _aBasílica de Santa María de Guadalupe (Ciudad de México)
_914301
902 _aGFM
942 _2lcc
_cB
999 _c5305
_d5305